| 000 | nam a22 7a 4500 | ||
|---|---|---|---|
| 999 |
_c24319 _d24319 |
||
| 008 | 170128b xxu||||| |||| 00| 0 eng d | ||
| 020 | _a0966392109 | ||
| 050 | _aN 6853 .P5Z66 1998 | ||
| 100 |
_aZolton,Marilyn _d1998 |
||
| 245 |
_aPlaces of Picasso: _bABiographical Guide to Spain and France / _cMarilyn Zolton, Raymond Zolon |
||
| 260 |
_aBethlehem: _bRaymar Associates, _c1998. |
||
| 300 |
_axv, 111 p.: _bill.; _c24cm. |
||
| 500 | _aincludes bibliographical references. | ||
| 700 | _aRaymond Zolton | ||
| 942 |
_2lcc _cBOOKS _hN 6853 .P5Z66 1998 _k31773 |
||